LIBRARY & INFORMATION CENTRE, KCAET, TAVANUR

ONLINE PUBLIC ACCESS CATALOGUE (OPAC)

Project profiles vol-2 / (Record no. 6739)

MARC details
000 -LEADER
fixed length control field 00385cam a2200157ua 4500
041 ## - LANGUAGE CODE
Language code of text/sound track or separate title eng
082 ## - DEWEY DECIMAL CLASSIFICATION NUMBER
Classification number 028.74621
Item number JAI/PR
100 ## - MAIN ENTRY--AUTHOR NAME
Personal name Jain, J C .
245 ## - TITLE STATEMENT
Title Project profiles vol-2 /
250 ## - EDITION STATEMENT
Edition statement 2 /
260 ## - PUBLICATION, DISTRIBUTION, ETC. (IMPRINT)
Place of publication Newdelhi :
Name of publisher Small scale industries ,
Year of publication 1986.
300 ## - PHYSICAL DESCRIPTION
Number of Pages 760 ; .
942 ## - ADDED ENTRY ELEMENTS (KOHA)
Koha item type Books
Holdings
Withdrawn status Lost status Damaged status Home library Current library Date acquired Full call number Accession Number Koha item type
      KAUAET   01/11/1988 028.74621 16401 Books
free website counter